[Event "Heraklion op 16th"]
[Site "Heraklion"]
[Date "2016.01.07"]
[Round "6"]
[White "Markakis, Georgios V"]
[Black "Spirou, Gerasimos"]
[Result "0-1"]
[WhiteElo "1161"]
[BlackElo "1632"]
[PlyCount "70"]
[EventDate "2016.01.03"]
[EventType "swiss"]
[EventRounds "9"]
[EventCountry "GRE"]
[SourceTitle "EXT 2024"]
[Source "ChessBase"]
[SourceDate "2023.10.10"]
[SourceVersion "1"]
[SourceVersionDate "2023.10.10"]
[SourceQuality "1"]

1. d4 d5 2. c4 c6 3. Nc3 Nf6 4. Nf3 a6 5. a3 dxc4 6. e3 b5 7. b3 cxb3 8. Qxb3 e6 9. Ne5 Be7 10. Bd3 0-0 11. Qc2 Bb7 12. Ne4 h6 13. Bd2 Nfd7 14. Nf3 a5 15. 0-0 Na6 16. a4 Qb6 17. axb5 Nb4 18. Bxb4 axb4 19. bxc6 Bxc6 20. Rfc1 b3 21. Qb2 Qb7 22. Ned2 Rxa1 23. Rxa1 Rb8 24. Rb1 Qa8 25. Nxb3 Bxf3 26. gxf3 Qxf3 27. Be2 Qd5 28. Qc2 Qg5+ 29. Kh1 Nf6 30. Qc7 Qd5+ 31. Kg1 Bd6 32. Qc2 Qg5+ 33. Kh1 Qd5+ 34. f3 Ng4 35. e4 Qh5 0-1